永世・名誉称号有資格の棋士 - Statistics

General Stats
  • This quiz has been taken 18 times
  • The average score is 7 of 10
Answer Stats
称号 棋士 % Correct
永世七冠 羽生善治
100%
永世二冠 藤井聡太
89%
十五世名人 大山康晴
78%
十六世名人 中原誠
78%
十七世名人 谷川浩司
72%
永世二冠 渡辺明
72%
十八世名人 森内俊之
67%
永世棋聖 米長邦雄
67%
永世棋聖 佐藤康光
56%
永世九段 塚田正夫
11%
No matching quizzes found
Score Distribution
Percent of People with Each Score
Percentile by Number Answered
Your Score History
You have not taken this quiz